00650nam a2200217Ia 4500003000400000005001700004008004100021020001800062040001800080041000800098082002200106100001900128245012100147250001200268260003400280300002900314650002800343650002100371650002200392700001800414OSt20250205105437.0210716s2011 xx 000 0 und d a9788131723777 cAIMIT LIBRARY aeng a006.671 21bBLOJ aBloch, Joshua. aJava puzzlers: traps pitfalls and corner cases.btraps pitfalls and corner cases /cBy Joshua Bloch and Neal Gafter. a1st ed. aNew Delhi :bPearson ,c2011. axiv,282p. ;bPBc24.5 cm aPuzzlers with character aLibrary puzzlers aAdvanced puzzlers aGafter, Neal.